000 00910cab a2200253 4500
001 ABS56170
008 090401t1996 xxu||||| |||| 00| 0 eng d
035 _a(Sirsi) u21703
041 _aeng
100 _aGrew, R.
245 4 _aThe surveying of structural damage
260 _c1996
350 _a0
490 _aStructural Survey
_v14(4) 1996, 4-9(6)
520 _aDescribes simple and detailed methods of investigating and recording building structure movements, including distortion surveys, vertical and horizontal measurements, soil investigation, building history, OS and geological maps, and aerial photographs. Diagrams and further reading.
650 _aBUILDING SURVEYS
650 _aDISTORTION SURVEY
650 _aMOVEMENT
650 _aSTRUCTURAL MOVEMENT
650 _aSTRUCTURAL SURVEYS
690 _aBUILT ENVIRONMENT-BUILDING INSPECTION
942 _n0
948 _c04/03/1997
999 _c14553
_d14553